<?xml version="1.0" encoding="UTF-8"?>
<collection xmlns="http://www.loc.gov/MARC21/slim">
 <record>
  <leader>01077caa a22003012  4500</leader>
  <controlfield tag="001">1132671663</controlfield>
  <controlfield tag="003">DE-627</controlfield>
  <controlfield tag="005">20170310130048.0</controlfield>
  <controlfield tag="007">tu</controlfield>
  <controlfield tag="008">971124s1997    xx |||||      00| ||ger c</controlfield>
  <datafield tag="035" ind1=" " ind2=" ">
   <subfield code="a">(DE-627)1132671663</subfield>
  </datafield>
  <datafield tag="035" ind1=" " ind2=" ">
   <subfield code="a">(DE-576)062671669</subfield>
  </datafield>
  <datafield tag="035" ind1=" " ind2=" ">
   <subfield code="a">(DE-599)BSZ062671669</subfield>
  </datafield>
  <datafield tag="040" ind1=" " ind2=" ">
   <subfield code="a">DE-627</subfield>
   <subfield code="b">ger</subfield>
   <subfield code="c">DE-627</subfield>
   <subfield code="e">rakwb</subfield>
  </datafield>
  <datafield tag="041" ind1=" " ind2=" ">
   <subfield code="a">ger</subfield>
  </datafield>
  <datafield tag="084" ind1=" " ind2=" ">
   <subfield code="a">1</subfield>
   <subfield code="2">ssgn</subfield>
  </datafield>
  <datafield tag="100" ind1="1" ind2=" ">
   <subfield code="a">Scheible, Heinz</subfield>
   <subfield code="d">1931-</subfield>
   <subfield code="0">(DE-588)123087988</subfield>
   <subfield code="0">(DE-627)082339813</subfield>
   <subfield code="0">(DE-576)162893019</subfield>
   <subfield code="4">aut</subfield>
  </datafield>
  <datafield tag="245" ind1="1" ind2="4">
   <subfield code="a">Die Verantwortung des Christen</subfield>
   <subfield code="b">Melanchthon als Kirchenpolitiker</subfield>
   <subfield code="c">von Heinz Scheible</subfield>
  </datafield>
  <datafield tag="264" ind1=" " ind2="1">
   <subfield code="c">1997</subfield>
  </datafield>
  <datafield tag="300" ind1=" " ind2=" ">
   <subfield code="a">S. 119 - 138</subfield>
  </datafield>
  <datafield tag="336" ind1=" " ind2=" ">
   <subfield code="a">Text</subfield>
   <subfield code="b">txt</subfield>
   <subfield code="2">rdacontent</subfield>
  </datafield>
  <datafield tag="337" ind1=" " ind2=" ">
   <subfield code="a">ohne Hilfsmittel zu benutzen</subfield>
   <subfield code="b">n</subfield>
   <subfield code="2">rdamedia</subfield>
  </datafield>
  <datafield tag="338" ind1=" " ind2=" ">
   <subfield code="a">Band</subfield>
   <subfield code="b">nc</subfield>
   <subfield code="2">rdacarrier</subfield>
  </datafield>
  <datafield tag="773" ind1="0" ind2="8">
   <subfield code="i">In</subfield>
   <subfield code="t">&quot;Man weiß so wenig über ihn&quot;</subfield>
   <subfield code="b">1. Aufl.</subfield>
   <subfield code="d">[Wittenberg] : Drei-Kastanien-Verl., 1997</subfield>
   <subfield code="g">(1997), Seite 119 - 138</subfield>
   <subfield code="h">140 S.</subfield>
   <subfield code="w">(DE-627)270109315</subfield>
   <subfield code="w">(DE-576)061926647</subfield>
   <subfield code="z">3980449297</subfield>
   <subfield code="7">|||m</subfield>
  </datafield>
  <datafield tag="773" ind1="1" ind2="8">
   <subfield code="g">year:1997</subfield>
   <subfield code="g">pages:119 - 138</subfield>
  </datafield>
  <datafield tag="936" ind1="u" ind2="w">
   <subfield code="j">1997</subfield>
   <subfield code="h">119 - 138</subfield>
  </datafield>
  <datafield tag="951" ind1=" " ind2=" ">
   <subfield code="a">AR</subfield>
  </datafield>
  <datafield tag="999" ind1=" " ind2=" ">
   <subfield code="a">KXP-PPN1132671663</subfield>
   <subfield code="e">2871533563</subfield>
  </datafield>
 </record>
</collection>
